BSOP header

The couple's journey : (Record no. 45064)

MARC details
000 -LEADER
fixed length control field 00794pam a2200265 i 4500
001 - CONTROL NUMBER
control field 3227357
005 - DATE AND TIME OF LATEST TRANSACTION
control field 20181218142418.0
008 - FIXED-LENGTH DATA ELEMENTS--GENERAL INFORMATION
fixed length control field 791022s1980 cau 000 0 eng
010 ## - LIBRARY OF CONGRESS CONTROL NUMBER
LC control number 79023836
020 ## - INTERNATIONAL STANDARD BOOK NUMBER
International Standard Book Number 0915166453
040 ## - CATALOGING SOURCE
Original cataloging agency DLC
Transcribing agency DLC
Modifying agency DLC
100 1# - MAIN ENTRY--PERSONAL NAME
Personal name Campbell, Susan M.,
Dates associated with a name 1941-
245 14 - TITLE STATEMENT
Title The couple's journey :
Remainder of title intimacy as a path to wholeness /
Statement of responsibility, etc Susan M. Campbell ; [cover design by Gordon Hayduk.
260 ## - PUBLICATION, DISTRIBUTION, ETC. (IMPRINT)
Place of publication, distribution, etc San Luis Obispo, Calif. :
Name of publisher, distributor, etc Impact Publishers,
Date of publication, distribution, etc c1980.
300 ## - PHYSICAL DESCRIPTION
Extent vi, 207 p. ;
Dimensions 21 cm.
336 ## - CONTENT TYPE
Content Type Term text
337 ## - MEDIA TYPE
Media Type Term unmediated
338 ## - CARRIER TYPE
Carrier Type Term volume
650 #0 - SUBJECT ADDED ENTRY--TOPICAL TERM
Topical term or geographic name as entry element Marriage.
650 #0 - SUBJECT ADDED ENTRY--TOPICAL TERM
Topical term or geographic name as entry element Interpersonal relations.
650 #0 - SUBJECT ADDED ENTRY--TOPICAL TERM
Topical term or geographic name as entry element Intimacy (Psychology)
650 #0 - SUBJECT ADDED ENTRY--TOPICAL TERM
Topical term or geographic name as entry element Sex in marriage.
650 #0 - SUBJECT ADDED ENTRY--TOPICAL TERM
Topical term or geographic name as entry element Maturation (Psychology)
942 ## - ADDED ENTRY ELEMENTS (KOHA)
Source of classification or shelving scheme Library of Congress Classification
Item type Books
Holdings
Withdrawn status Lost status Source of classification or shelving scheme Damaged status Not for loan Home library Current library Shelving location Date acquired Source of acquisition Inventory number Total Checkouts Full call number Barcode Date last seen Price effective from Koha item type
    Library of Congress Classification     BSOP Library BSOP Library GC 12/18/2018 Donated by Dr. William and Mariel Kirwan 44611   HQ734 C15 1980 00055611 12/18/2018 12/18/2018 Books
BSOP

Biblical Seminary of the Philippines
  All rights Reserved
  © 2024

CONTACT INFORMATION

Biblical Seminary of the Philippines,
  77-B Karuhatan Road, Valenzuela City,
  PHILIPPINES 1441
  Phone: +632 8292-6795 / 8292-6798
  Fax : +632 8292-6675
  Email: library@bsop.edu.ph